000 00648nam a2200229Ia 4500
003 OSt
005 20220925203051.0
006 a|||||r|||| 00| 0
007 ta
008 220923b |||||||| |||| 00| 0 eng d
037 _cGeneral Book
040 _aRTL
_cRTL
_beng
041 _2eng
_aeng
082 _a236.1(X).N7, L3
100 _aKrishan Kumar
245 0 _aResearch libraries in developing countries
260 _aDelhi
_bVikas India
_c1973
300 _a464p. Appendix p. 439-58
_ccm.
650 _aLibrary Sicence
_9231926
942 _h236.1(X).N7, L3
_cGB
_2CC
999 _c545078
_d545078